| 000 | 01190nam0a22002531 4500 | ||
|---|---|---|---|
| 001 | rc\2728383 | ||
| 005 | 20250806203544.0 | ||
| 035 | _a(NLR Aleph) 006855799 | ||
| 090 |
_a56533 _c56533 |
||
| 100 | _a20110915d1943 u y0rusy50 ca | ||
| 101 | 0 | _arus | |
| 102 | _aRU | ||
| 105 | _aa z ||||| | ||
| 200 | 1 |
_aНаставление по стрельбе по воздушным целям из станковых и ручных пулеметов без зенитных прицелов, винтовок, карабинов, пистолетов-пулеметов и противотанковых ружей _fУпр. боевой подготовки войск противовозд. обороны территории страны |
|
| 210 |
_a[Москва] _cВоениздат _d1943 |
||
| 215 |
_a36 с., без тит. л. _cил., черт. _d16 см. |
||
| 740 | 1 |
_aСССР _tВоенные уставы и наставления _3RU\NLR\AUTH\8810020873 |
|
| 801 | 0 |
_aRU _bNLR _gpsbo |
|
| 801 | 1 |
_aRU _bELAR _2rusmarc |
|
| 852 |
_aNLR _jВ60 Г-2/615 |
||
| 942 | _cBOOK | ||
| 945 | _aРоссийская национальная библиотека | ||
| 980 | _aNB | ||
| 980 | _aBV | ||